|
|
|
|
| LEADER |
00000cam a22000005a 4500 |
| 001 |
vtls010462303 |
| 003 |
SK-MaSNL |
| 005 |
20260426012405.0 |
| 008 |
240314s2012 xo d f 000 0 slo |
| 015 |
|
|
|a SNBA2013
|
| 020 |
|
|
|a 9788081181061
|q (brož.)
|
| 035 |
|
|
|a 074BFFE9-1A01-49C0-8DFE-DC072D1306CA
|
| 035 |
|
|
|a urn:nbn:sk:snk-amjluc
|
| 035 |
|
|
|a urn:nbn:sk:snk-am001n82
|
| 040 |
|
|
|a SNK
|b slo
|c SNK
|e AACR2
|
| 041 |
0 |
|
|a slo
|
| 044 |
|
|
|a xo
|c SK
|
| 072 |
|
7 |
|a 93/94
|x Dejiny (všeobecne)
|2 konspekt
|
| 072 |
|
7 |
|a 37
|x Výchova a vzdelávanie
|2 konspekt
|
| 080 |
|
|
|a 93/94
|2 2001
|
| 080 |
|
|
|a 371.3
|2 2001
|
| 080 |
|
|
|a 37.0:001.895
|2 2001
|
| 080 |
|
|
|a 37.03
|2 2001
|
| 080 |
|
|
|a (048.8)
|2 2001
|
| 080 |
|
|
|a (0:82-4)
|2 2001
|
| 080 |
|
|
|a (437.6)
|2 2001
|
| 100 |
1 |
|
|a Jovankovič, Samuel,
|d 1948-
|4 aut
|9 252160
|
| 245 |
1 |
0 |
|a Dejepis v pedagogických dokumentoch a vo vyučovaní
|c Samuel Jovankovič
|
| 250 |
|
|
|a 1. vyd.
|
| 260 |
|
|
|a Bratislava
|b Štátny pedagogický ústav
|c 2012
|
| 300 |
|
|
|a 120 s.
|b grafy
|c 21 cm
|
| 366 |
|
|
|e 200 výt.
|
| 504 |
|
|
|a Bibliogr. odkazy
|
| 648 |
|
7 |
|a 1974-2012
|2 SNKPH
|9 703984
|
| 650 |
0 |
7 |
|a dejepis
|2 SNKPH
|9 4288
|
| 650 |
0 |
7 |
|a vyučovanie
|2 SNKPH
|9 1522
|
| 650 |
0 |
7 |
|a inovácie vo vzdelávaní
|2 SNKPH
|9 79699
|
| 650 |
0 |
7 |
|a kľúčové kompetencie
|2 SNKPH
|9 67544
|
| 650 |
0 |
7 |
|a History
|2 SNKPHeng
|9 265139
|
| 650 |
0 |
7 |
|a Teaching
|2 SNKPHeng
|9 267199
|
| 650 |
0 |
7 |
|a Educational innovations
|2 SNKPHeng
|9 303041
|
| 650 |
0 |
7 |
|a Key competences
|2 SNKPHeng
|9 270153
|
| 651 |
|
7 |
|a Slovensko
|2 SNKPH
|9 14231
|
| 651 |
|
7 |
|a Slovakia
|2 SNKPHeng
|9 92630
|
| 655 |
|
7 |
|a štúdie
|2 SNKPH
|9 57033
|
| 655 |
|
7 |
|a úvahy
|2 SNKPH
|9 29403
|
| 655 |
|
7 |
|a Studies
|2 SNKPHeng
|9 265573
|
| 655 |
|
7 |
|a Essays
|2 SNKPHeng
|9 267540
|
| 919 |
|
|
|a 978-80-8118-106-1
|
| 958 |
|
|
|a NB
|
| 999 |
|
|
|c 1095696
|d 1097626
|
| 952 |
|
|
|a SNK
|b SNK
|y PREZ
|7 0
|p 17A1054589
|o snkSC 151531
|i snk2012/21311
|8 0
|0 0
|1 0
|4 0
|d 2012-10-22
|l 0
|r 2025-07-22 00:00:00
|w 2026-02-24
|
| 952 |
|
|
|a SNK
|b SNK
|y VYP
|7 0
|p 17A1054590
|o snkSC 151531 D1
|i snk2012/21312
|8 0
|0 0
|1 0
|4 0
|d 2012-10-22
|l 0
|r 2026-02-24 17:12:32
|w 2026-02-24
|